| 000 | 00585nam a2200229Ia 4500 | ||
|---|---|---|---|
| 003 | OSt | ||
| 005 | 20220928141729.0 | ||
| 006 | a|||||r|||| 00| 0 | ||
| 007 | ta | ||
| 008 | 220927b |||||||| |||| 00| 0 eng d | ||
| 024 | _a17276 | ||
| 037 | _cTextual | ||
| 040 |
_aSDCL _cSDCL _beng |
||
| 041 |
_2eng _aeng |
||
| 082 | _aX:87, P2 | ||
| 100 |
_aSlater Robert _9449265 |
||
| 245 | 0 | _aGet better or get beaten ! 29 Leadership secrets from GE's Jack Welch | |
| 250 | _a2 | ||
| 260 | _c2002 | ||
| 942 |
_hX:87, P2 _cTEXL _2CC |
||
| 999 |
_c819597 _d819597 |
||